00332nam a2200133Ia 4500003000900000008004100009040001300050040001300063100002000076245006500096260002300161300000800184490000600192IT-RoPAU120407s9999 xx 000 0 und d aIT-RoPAU cIT-RoPAU aTadeusz Dajczer aDialogo sulla fede. Per vivere in profondità il quotidiano aSan Paolo Edizioni c cm v1